header

Social and gender analysis in natural resource management (Record no. 111575)

MARC details
000 -LEADER
fixed length control field 01454nam a2200361Ia 4500
082 04 - DEWEY DECIMAL CLASSIFICATION NUMBER
Classification number 333.708095
245 00 - TITLE STATEMENT
Title Social and gender analysis in natural resource management
260 ## - PUBLICATION, DISTRIBUTION, ETC. (IMPRINT)
Place of publication London :
Name of publisher SAGE,
Year of publication 2006.
300 ## - PHYSICAL DESCRIPTION
Number of Pages 250 p. :
Other physical details ill., maps.
650 #0 - SUBJECT ADDED ENTRY--TOPICAL TERM
Topical Term Rural development
Topical Term Women in development
Topical Term Natural resources
700 1# - ADDED ENTRY--PERSONAL NAME
Personal name Vernooy, Ronnie,
856 40 - ELECTRONIC LOCATION AND ACCESS
Uniform Resource Identifier http://site.ebrary.com/lib/rucke/Doc?id=10120550

No items available.

© 2026 Rongo University
Contact us: librarian | system librarian | Rongo university